000
00297nam a2200109Ia 4500
008
200302s9999 xx 000 0 und d
100
_a
Nick Devas
245
_a
Urban Governance Voece and Poverty in the Developing World
260
_b
EarthScan Publications Ltd.
260
_c
2006
300
_a
224 P.,
999
_c
5719
_d
5719